000 00810nam a22002297a 4500
005 20150219120641.0
008 140714b xxu||||| |||| 00| 0 Urdu d
010 _aUR-8632
020 _c250.00
020 _c9789350731284
035 _aU-7187
037 _bDBAD/Pub.
040 _aDPL
_bUrdu
082 _a854
100 _aمر تبہ :محمد علی ا ثر
245 _aمکا تب مشا ہير :مر حو م مشا ہير ا ردو کے خطو ط بنا م ا ثر
_cمر تبہ :محمد علی ا ثر
246 _aMakatib-e- Mashaheer
_bEdited by Mohd. Asar Ali
260 _aد ھلی
_bEducational Publishing House
_c2013
270 _a3108,Vakeel Street,Kucha Pandit,Lal Kuan
_b.Delhi
_e110006
300 _a264ص
_c22Cm (Hb)
942 _2ddc
_cUR
_e
_h854
_mا ث ر
999 _c91564
_d91564